000 00355nam a22001457a 4500
020 _a978-81-264-1970-8
082 _a894.812.3
_bPAR/A
100 _aPARAPPURATHU
245 _aAKASATHILE PARAVAKAL
246 _aAKASATHILE PARAVAKAL
_bAKASATHILE PARAVAKAL
260 _aINDIA
_bD C BOOKS
_c2024
300 _a400
650 _aMALAYALAM NOVEL
942 _cBK
999 _c8743
_d8743